The upside of irrationality (Registro nro. 19583)

Detalles MARC
000 -LEADER
fixed length control field 00291 a2200109 4500
001 - CONTROL NUMBER
control field ART_17515
005 - DATE AND TIME OF LATEST TRANSACTION
control field 20260410161750.0
008 - FIXED-LENGTH DATA ELEMENTS--GENERAL INFORMATION
fixed length control field 260409a
100 1# - MAIN ENTRY--PERSONAL NAME
Personal name Ariely, Dan
245 10 - TITLE STATEMENT
Title The upside of irrationality
773 0# - HOST ITEM ENTRY
Title Book Summary
Related parts - Nº 14 (ene. 2011)
Record control number REV4099

No hay ítems disponibles.